| Tag |
First Indicator |
Second Indicator |
Subfields |
| LEADER |
00000cam a22000008a 4500 |
| 001 |
in00001020321 |
| 005 |
20150928093426.0 |
| 008 |
910212s1991 pau b 0010 eng |
| 010 |
|
|
|a 91009165
|
| 020 |
|
|
|a 0812230574
|
| 035 |
|
|
|a (OCoLC)23212389
|
| 035 |
|
|
|9 AFF3844AM
|
| 040 |
|
|
|a DLC
|c DLC
|d VVC
|d UtOrBLW
|
| 049 |
|
|
|a TXAM
|
| 050 |
0 |
0 |
|a PS3537.T323
|b Z558 1991
|
| 082 |
0 |
0 |
|a 812/.52
|2 20
|
| 100 |
1 |
|
|a Bowers, Jane Palatini.
|
| 245 |
1 |
0 |
|a "They watch me as they watch this" :
|b Gertrude Stein's metadrama /
|c Jane Palatini Bowers.
|
| 263 |
|
|
|a 9107
|
| 264 |
|
1 |
|a Philadelphia :
|b University of Pennsylvania Press,
|c [1991]
|
| 264 |
|
4 |
|c ©1991
|
| 300 |
|
|
|a x, 168 pages ;
|c 24 cm.
|
| 336 |
|
|
|a text
|b txt
|2 rdacontent
|
| 337 |
|
|
|a unmediated
|b n
|2 rdamedia
|
| 338 |
|
|
|a volume
|b nc
|2 rdacarrier
|
| 504 |
|
|
|a Includes bibliographical references and index.
|
| 600 |
1 |
0 |
|a Stein, Gertrude,
|d 1874-1946
|x Dramatic works.
|
| 650 |
|
0 |
|a Experimental drama
|x History and criticism.
|
| 999 |
|
|
|a MARS
|
| 999 |
f |
f |
|s 834fe5ac-7eec-381d-882f-6126ba4c94d1
|i a3e7930a-7b36-3668-ac74-ab3afe07ed68
|t 0
|
| 952 |
f |
f |
|p ric
|a Texas A&M University
|b Rellis Campus
|c Joint Library Facility
|d Remote Storage
|t 0
|e PS3537.T323 Z558 1991
|h Library of Congress classification
|i unmediated -- volume
|m A14815140561
|
| 998 |
f |
f |
|a PS3537.T323 Z558 1991
|t 0
|l Remote Storage
|